Регионална библиотека "Любен Каравелов" - Русе

Рахул и тигърът (Запис номер 145199)

MARC детайли
000 -Лидер
Контролно поле с фиксирана дължина 01685nam a2200373 a 4500
003 - Код на организацията, давaща контролен номер
Контролно поле BLK
005 - Дата и час на последна редакция
Контролно поле 20250215120051.0
008 - Елементи от данни с фиксирана дължина
fixed length control field 180410b bul|||||r ||||||| ||bul||
010 ## - Наследен системен номер
LC control number KNG00151372000
040 ## - Източник на каталожния запис
Идентификатор на билиотеката - собственик на записа BLK
041 ## - Код за език
Код за езика на текст/звукозапис или на отделно заглавие Български
Код за езика КДБФ Български
080 ## - УДК
Текстов определител УДК Индийска литература
УДК код - определител по УДК 821.21
УДК определител -93-31
УДК - код + определител 821.21-93-31
139 ## - Редно поле
Редна дума Рахул и тигърът
Авторски знак Рах - Р 40
245 10 - Сведения за заглавието
Заглавие Рахул и тигърът
Подзаглавни данни Инд. приказкa
Редно поле (дума) прев. от рус. Таня Стефанова Тамахкярова; ил. Биляна Тодорова Господинова; предг. от Таня Стефанова Тамахкярова.
257 ## - Страна на издаване
Страна на създаване/издаване Индия
260 ## - Област на издателските данни
Място на издаване, разпространение и проч. София
Име на издателя, разпространителя и проч. Нери
Година на издаване 1991
300 ## - Физическа характеристика
Страници 16 с.
Илюстрации и др. с ил.
Размери/Мащаб 21 см
380 ## - Жанр
Жанр Детска худож. лит.
490 ## - СЕРИИ (Колекции)
Име на серия Библиотека Фют пътешества
9 (RLIN) 206957
500 ## - Общи забележки
Забележка Без сведение за ориг. загл. - Прев. от рус. изд. - 3 000 тир.
653 ## - Ключова дума – ненормативна
Ключова дума приказки
653 ## - Ключова дума – ненормативна
Ключова дума детска литература
653 ## - Ключова дума – ненормативна
Ключова дума литература за деца
700 1# - Други автори (авторска отговорност)
Лично име Тамахкярова, Таня Стефанова
Автороска отговорност (Описва отношението между автора и произведението) прев. от рус.
9 (RLIN) 379927
700 1# - Други автори (авторска отговорност)
Лично име Господинова, Биляна Тодорова
Автороска отговорност (Описва отношението между автора и произведението) ил.
9 (RLIN) 366335
700 1# - Други автори (авторска отговорност)
Лично име Тамахкярова, Таня Стефанова
Автороска отговорност (Описва отношението между автора и произведението) предг. от
9 (RLIN) 379927
852 ## - Местоположение
Форматна сигнатура Цб 262628
856 4# - Електронен адрес и достъп
Електронен формат pdf - файл
Инструкция (цена за достъп) 3.90
Права за достъп disable
856 4# - Електронен адрес и достъп
Електронен формат pdf - файл
Инструкция (цена за достъп) 3.90
Права за достъп disable
999 ## - СИСТЕМНИ КОНТРОЛНИ НОМЕРА
Koha biblionumber 145199
Koha biblioitemnumber 145199
942 ## - АРТИКУЛИ
Вид на библиотечния материал Книги
Скрит в OPAC Не
Периодичен библиозапис Да
Koha issues (borrowed), all copies 1
944 ## - СЪЗДАВАНЕ И РЕДАКЦИЯ на ЗАПИСА
Създаване/Редакция Създаване
Дата на регистрацията/редакция 04.10.2013
Статус, дата на статуса Севдалина Тодорова
Служител, извършил регистрацията/редакцията 30540
944 ## - СЪЗДАВАНЕ И РЕДАКЦИЯ на ЗАПИСА
Създаване/Редакция Редакция
Дата на регистрацията/редакция 04.10.2013
Статус, дата на статуса 04.10.2013 - от С1,Р / 04.10.2013
999 ## - СИСТЕМНИ КОНТРОЛНИ НОМЕРА
Koha biblioitemnumber 145199
Наличности
Код за отписване Код за изгубен артикул Източник на класификационната схема Код за повреда Коз за рестрикции Код за отдаване Артикулен № Име на библиотеката - собственик Име на библиотеката, в която се намира в момента Статус (Текущо местоположение) Дата на вписване в системата Местоположение - отдел Цена в лева Инвентарен номер Систематично азбучна сигнатура Баркод Номер на екземпляра Цена в евро Служебна бележка Служебен тип на артикула
  Не е изгубен Universal Decimal Classification Не е повреден без рестрикции ползва се в читалня 240936 Регионална библиотека "Любен Каравелов" Русе Регионална библиотека "Любен Каравелов" Русе Хранилище 1991-01-01 Хранилище 3.90 563923 Цб 262628 120000563923 1 1.99 N: стар фонд Дата: 01.01.1991 Книги
  Не е изгубен Universal Decimal Classification Не е повреден без рестрикции заемане за дома 240937 Регионална библиотека "Любен Каравелов" Русе Регионална библиотека "Любен Каравелов" Русе Детски отдел 1991-01-01 Детски отдел 3.90 566466 ДХ 820/899/Р 40 120000566466 2 1.99 N: стар фонд Дата: 01.01.1991 Дата инв: 16.09.2015 Бележки инв: Д2015 Книги
Изтеглен Не е изгубен Universal Decimal Classification Не е повреден без рестрикции заемане за дома 240938 Регионална библиотека "Любен Каравелов" Русе Регионална библиотека "Любен Каравелов" Русе Детски отдел 1991-01-01 Детски отдел 3.90 566467 ДХ 820/899/Р 40 566467 3 1.99 N: стар фонд Дата: 01.01.1991 Дата инв: 16.09.2015 Бележки инв: Д2015 Книги
  Не е изгубен Universal Decimal Classification Не е повреден без рестрикции заемане за дома 240939 Регионална библиотека "Любен Каравелов" Русе Регионална библиотека "Любен Каравелов" Русе Детски отдел 1991-01-01 Детски отдел 3.90 566468 ДХ 820/899/Р 40 120000566468 4 1.99 N: стар фонд Дата: 01.01.1991 Дата инв: 16.09.2015 Бележки инв: Д2015 Книги
  Не е изгубен Universal Decimal Classification Не е повреден без рестрикции заемане за дома 240940 Регионална библиотека "Любен Каравелов" Русе Регионална библиотека "Любен Каравелов" Русе Детски отдел 1991-01-01 Детски отдел 3.90 566470 ДХ 820/899/Р 40 120000566470 5 1.99 N: стар фонд Дата: 01.01.1991 Дата инв: 16.09.2015 Бележки инв: Д2015 Книги
Vip Innovations Ltd, Rousse, Bulgaria 2025